Návrh spôsobu synchronizácie miniatúrneho céziového atómového etalónu CSAC SA.45s so systémom GPS

Saved in:
Bibliographic Details
Main Author: Novitchi, Dumitru (Author)
Other Authors: Štofanik, Vladimír (Thesis advisor)
Format: Manuscript Book
Language:Slovak
Published: 2015
Subjects:
Online Access:http://is.stuba.sk/zp/portal_zp.pl?podrobnosti=97421
Tags: Add Tag
No Tags, Be the first to tag this record!

MARC

LEADER 00000ntm a22000003a 4500
001 stuzp47923
003 SK-STU
005 20160719153203.0
007 ta
008 150427s2015----xo-----f-mn---000-0-slo-d
040 |a STU  |b slo 
041 0 |a slo 
100 1 |a Novitchi, Dumitru  |u 033000  |4 aut  |U FEI Fakulta elektrotechniky a informatiky  |T FEI Ústav elektroniky a fotoniky  |X 53259  |U E030  |Y 549  |7 53259 
242 0 1 |a Design of a method for miniature ceasium atomic clock CSAC SA.45s synchronization with GPS  |y eng 
245 1 0 |a Návrh spôsobu synchronizácie miniatúrneho céziového atómového etalónu CSAC SA.45s so systémom GPS 
260 |c 2015 
300 |a 48 s., príl.  |b CD-ROM 
650 4 |a atómový etalón  |2 slo 
650 4 |a odchýlka frekvencie  |2 slo 
650 4 |a GPS  |2 slo 
650 4 |a frequency deviation  |2 eng 
650 4 |a atomic clock  |2 eng 
650 4 |a GPS  |2 eng 
700 1 |a Štofanik, Vladimír  |4 ths  |X 47766  |7 A000047766 
856 4 |u http://is.stuba.sk/zp/portal_zp.pl?podrobnosti=97421 
996 |b 284ER01765  |c E*Bc- 1765  |l EE33  |s P  |a 0  |w stuzp47923_0001 
SQL |a stuzp47923  |b DBP  |c SLO  |d Návrh spôsobu synchronizácie miniatúrneho céziového atómového etalónu CSAC SA.45s so systémom GPS.  |e 53259  |f Novitchi, Dumitru  |g 033000  |h 47766  |i Štofanik, Vladimír  |j 20150707  |k 75  |l 03  |m http://is.stuba.sk/zp/portal_zp.pl?podrobnosti=97421  |n B-ELN  |o 5.2.13. elektronika